000 00334nam a2200133Ia 4500
005 20260328101444.0
008 260328s9999||||xx |||||||||||||| ||und||
100 _aNichols, Sarah
245 0 _aAluminum by Design /
_cSarah Nichols
260 _bCarnegie Museum of Art
300 _a296 p.
650 _aDISEÑO INDUSTRIAL
942 _cBK
999 _c8378
_d8378